Statistics for Cities with over 10 mio ppl.

Click here to take the quiz!

General Stats

  • This quiz has been taken 5 times
  • The average score is 36 of 41

Answer Stats

CountryCityPopulation% Correct
ThailandBangkok18 mio ppl.
100%
ChinaBeijing20 mio ppl.
100%
ArgentinaBuenos Aires16 mio ppl.
100%
EgyptCairo21 mio ppl.
100%
United StatesChicago11 mio ppl.
100%
IndiaDelhi30 mio ppl.
100%
TurkeyeIstanbul16 mio ppl.
100%
IndonesiaJakarta35 mio ppl.
100%
South AfricaJohannesburg14 mio ppl.
100%
IndiaKolkata17 mio ppl.
100%
NigeriaLagos19 mio ppl.
100%
PeruLima10 mio ppl.
100%
United KingdomLondon14 mio ppl.
100%
United StatesLos Angeles18 mio ppl.
100%
PhilippinesManila32 mio ppl.
100%
MexicoMexico City28 mio ppl.
100%
RussiaMoscow17 mio ppl.
100%
IndiaMumbai25 mio ppl.
100%
United StatesNew York City22 mio ppl.
100%
FranceParis11 mio ppl.
100%
BrazilRio de Janeiro13 mio ppl.
100%
BrazilSao Paulo22 mio ppl.
100%
South KoreaSeoul24 mio ppl.
100%
ChinaShanghai26 mio ppl.
100%
IranTehran16 mio ppl.
100%
JapanTokyo37 mio ppl.
100%
IndiaBangalore/
Bengaluru
11 mio ppl.
75%
BangladeshDhaka20 mio ppl.
75%
ChinaGuangzhou13 mio ppl.
75%
VietnamHo Chi Minh City10 mio ppl.
75%
PakistanKarachi19 mio ppl.
75%
D. R. CongoKinshasa15 mio ppl.
75%
PakistanLahore13 mio ppl.
75%
JapanNagoya10 mio ppl.
75%
JapanOsaka17 mio ppl.
75%
ChinaWuhan10 mio ppl.
75%
ChinaChengdu10 mio ppl.
50%
IndiaChennai11 mio ppl.
50%
IndiaHyderabad10 mio ppl.
50%
ChinaShenzhen10 mio ppl.
50%
ChinaTianjin13 mio ppl.
50%

Score Distribution

Percentile by Number Answered

Percent of People with Each Score

Your Score History

You have not taken this quiz